ბათუმის შოთა რუსთაველის სახელმწიფო უნივერსიტეტის ბიბლიოთეკა

Теория государства и права (ბიბ.ჩანაწერი № 36120)

000 -LEADER
fixed length control field 00646nam a2200241Ia 4500
001 - CONTROL NUMBER
control field 2020
003 - CONTROL NUMBER IDENTIFIER
control field GE_BSU
008 - FIXED-LENGTH DATA ELEMENTS--GENERAL INFORMATION
fixed length control field 181216s||||||||xx |||||||||||||| ||und||
020 ## - INTERNATIONAL STANDARD BOOK NUMBER
International Standard Book Number 978548201293
040 ## - CATALOGING SOURCE
Transcribing agency GE_BSU
080 ## - UNIVERSAL DECIMAL CLASSIFICATION NUMBER
Universal Decimal Classification number 340.1(075.8)
100 ## - MAIN ENTRY--PERSONAL NAME
Personal name Марченко,М.Н.
245 ## - TITLE STATEMENT
Title Теория государства и права
245 ## - TITLE STATEMENT
Remainder of title Учебник
250 ## - EDITION STATEMENT
Edition statement Изд. 2-е, перераб. и. доп.
260 ## - PUBLICATION, DISTRIBUTION, ETC.
Place of publication, distribution, etc. Москва
260 ## - PUBLICATION, DISTRIBUTION, ETC.
Name of publisher, distributor, etc. Проспект
260 ## - PUBLICATION, DISTRIBUTION, ETC.
Date of publication, distribution, etc. 2007
300 ## - PHYSICAL DESCRIPTION
Extent 648стр. 21см.
653 ## - INDEX TERM--UNCONTROLLED
Uncontrolled term Теория государства и права
942 ## - ADDED ENTRY ELEMENTS (KOHA)
Koha item type წიგნი
ეგზემპლარები
Withdrawn status Lost status Damaged status Not for loan Date acquired Barcode Date last seen Price effective from Koha item type
        2018-12-17 3822 2018-12-17 2018-12-17 წიგნი